Lou tresor dóu felibrige ou Dictionnaire provençal-français (Record no. 159837)
[ view plain ]
| 000 -LEADER | |
|---|---|
| campo de control de longitud fija | 01049nam a22002175i 4500 |
| 001 - NÚMERO DE CONTROL | |
| campo de control | 159837 |
| 003 - IDENTIFICADOR DE NÚMERO DE CONTROL | |
| campo de control | ES-MaACL |
| 005 - FECHA Y HORA DE LA ÚLTIMA TRANSACCIÓN | |
| campo de control | 20250717062048.0 |
| 008 - DATOS DE LONGITUD FIJA--INFORMACIÓN GENERAL | |
| campo de control de longitud fija | 040923q18861900fr |||| | fre d |
| 040 ## - FUENTE DE CATALOGACIÓN | |
| Centro catalogador/agencia de origen | CAM |
| Lengua de catalogación | spa |
| Centro/agencia transcriptor | CAM |
| 100 1# - ENTRADA PRINCIPAL--NOMBRE DE PERSONA | |
| Nombre de persona | Mistral, Frédéric, |
| Fechas asociadas al nombre | 1830-1914 |
| 9 (RLIN) | 81664 |
| 245 10 - MENCIÓN DEL TÍTULO | |
| Título | Lou tresor dóu felibrige ou Dictionnaire provençal-français |
| Resto del título | : embrassant les divers dialectes de la langue d'Oc moderne ... / |
| Mención de responsabilidad, etc. | par Frédéric Mistral. |
| 260 ## - PUBLICACIÓN, DISTRIBUCIÓN, ETC. | |
| Lugar de publicación, distribución, etc. | Aix-en-Provence : |
| Nombre del editor, distribuidor, etc. | Veuve Remonde-Aubin libraire-éditeur ; |
| Lugar de publicación, distribución, etc. | Avignon : |
| Nombre del editor, distribuidor, etc. | Reumanille libraire ; |
| Lugar de publicación, distribución, etc. | Paris : |
| Nombre del editor, distribuidor, etc. | H. Champion libraire, |
| Fecha de publicación, distribución, etc. | [s.a.] |
| 300 ## - DESCRIPCIÓN FÍSICA | |
| Extensión | 2 v. (1196; 1165 p.) ; |
| Dimensiones | 31 cm. |
| 596 ## - NOTA AL PIE DE IMPRENTA | |
| NOTA AL PIE DE IMPRENTA | Probablemente fechado entre 1882 (fecha que consta en última pag. del t.II ) y 1900. |
| 596 ## - NOTA AL PIE DE IMPRENTA | |
| NOTA AL PIE DE IMPRENTA | El primer editor y el imp. del t.II es J. Remondet-Aubin libraire-éditeur. |
| 650 #4 - PUNTO DE ACCESO ADICIONAL DE MATERIA--TÉRMINO DE MATERIA | |
| Término de materia o nombre geográfico como elemento de entrada | Lengua provenzal- |
| Subdivisión de forma | Diccionarios- |
| Subdivisión general | Francés. |
| 9 (RLIN) | 136369 |
| 740 01 - ENTRADA AGREGADA--TÍTULO RELACIONADO/ANALÍTICO NO CONTROLADO | |
| Título relacionado o analítico no controlado | Dictionnaire provençal-français. |
| 852 ## - LOCALIZACIÓN | |
| Ubicación | ES-MaACL |
| Número de control de estantería | B-1139-40 |
| Nota libre | -- Enc. hol. |
| Estatus retirado | Estado de pérdida | Estado de daño | No para préstamo | Biblioteca de origen | Biblioteca actual | Ubicación en estantería | Fecha de adquisición | Total de préstamos | Signatura topográfica completa | Código de barras | Visto por última vez | Precio de reemplazo | Tipo de ítem Koha |
|---|---|---|---|---|---|---|---|---|---|---|---|---|---|
| Biblioteca del Ateneo de Madrid | Biblioteca del Ateneo de Madrid | Sala Pardo Bazán | 17/01/2008 | B-1139-40 | 1167326 | 23/02/2023 | 23/02/2023 | Libro impreso |
